| 000 | 00000nam##2200000za#4500 |
| 001 | 9.699187 |
| 003 | CaOODSP |
| 005 | 20250506145324 |
| 007 | cr ||||||||||| |
| 008 | 150407|1978||||xxc|||||o f|0| 0 eng|d |
| 040 | |aCaOODSP|beng |
| 043 | |an-cn--- |
| 086 | 1 |aA53-1497/1978E-PDF |
| 110 | 1 |aCanada.|bAgriculture Canada. |
| 245 | 10|aGrain drying / |h[electronic resource]|c[by] O.H. Friesen. |
| 260 | |aOttawa - Ontario : |bAgriculture Canada |c1973, revised 1974, 1976, reprinted 1978. |
| 300 | |a48p.|bfigs., tables, photographs |
| 500 | |aHistorical publication digitized by Agriculture and Agri-Food Canada. "A federal/provincial publication. Canada/Manitoba"--p. 3 of 48. |
| 590 | |a14-11-Supp|b2014-05-21 |
| 690 | 07|aCrops|2gcpds |
| 690 | 07|aFarming|2gcpds |
| 690 | 07|aGrains|2gcpds |
| 856 | 40|ahttp://publications.gc.ca|qPDF|s2.8 MB|uhttps://publications.gc.ca/collections/collection_2014/aac-aafc/agrhist/A53-1497-1978-eng.pdf |
| 986 | |a1497 |